Current psychotherapies / (Record no. 8217)
[ view plain ]
| 000 -LEADER | |
|---|---|
| fixed length control field | 01344nam a2200193Ia 4500 |
| 020 ## - INTERNATIONAL STANDARD BOOK NUMBER | |
| ISBN | 00875813321 |
| 050 ## - CALL NUMBER | |
| Classification number | RC480 |
| Item number | .C |
| 100 ## - AUTHOR | |
| Personal name | Corsini, Raymond J. |
| 245 00 - TITLE | |
| Title | Current psychotherapies / |
| Remainder of title | Raymond J. Corsini, Danny Wedding ; with the assistance of Judith W. McMahon. |
| 250 ## - EDITION | |
| Edition statement | Fourth edition. |
| 260 ## - PUBLICATION INFORMATION | |
| Place of publication | Itasca, Ill. : F.E. |
| Name of publisher | Peacock Publishers, |
| Year of publication | 1989. |
| 300 ## - DESCRIPTION | |
| Number of Pages | xi, 623 pages : |
| Other physical details | illustrations. |
| 505 ## - FORMATTED CONTENTS NOTE | |
| Table of Content | Psychoanalysis / Jacob A. Arlow --<br/>Adlerian psychotherapy / Harold H. Mosak --<br/>Analytical psychotherapy / Yoram Kaufmann --<br/>Person-centered therapy / Nathaniel J. Raskin and Carl R. Rogers --<br/>Rational-emotive therapy / Albert Ellis --<br/>Behavior therapy / G. Terence Wilson --<br/>Cognitive therapy / Aaron T. Beck and Marjorie E. Weishaar --<br/>Gestalt therapy / Gary M. Yontef and James S. Simkin --<br/>Existential psychotherapy / Rollo May and Irvin Yalom --<br/>Transactional analysis / John M. Dusay and Katherine Mulholland Dusay --<br/>Family therapy / Vincent D. Foley --<br/>Multimodal therapy / Arnold A. Lazarus --<br/>Three other approaches. A. Asian psychotherapies / Roger Walsh --<br/>B. Psychodrama / Adam Blatner --<br/>C. Bioenergetic analysis / Alexander Lowen --<br/> |
| 650 #0 - SUBJECTS | |
| Topical Term | Psychotherapy. |
| 700 1# - OTHER AUTHORS | |
| Personal name | Corsini, Raymond J. |
| 700 1# - OTHER AUTHORS | |
| Personal name | Wedding, Danny. |
| 700 1# - OTHER AUTHORS | |
| Personal name | McMahon, Judith W. |
| 942 ## - ADDED ENTRY ELEMENTS (KOHA) | |
| Koha item type | Books |
| Withdrawn status | Lost status | Home library | Current library | Shelving location | Date acquired | Source of acquisition | Full call number | Accession Number | Koha item type |
|---|---|---|---|---|---|---|---|---|---|
| Methodist University Library Main | Methodist University Library Main | Fiction | 21/12/2021 | Donation Abrefa | RC480 .C81 | 8131 | Books |